[Event "BRA-ch U16"]
[Site "Itajai"]
[Date "2017.06.03"]
[Round "4"]
[White "Goncalves, Oswaldo Pirola"]
[Black "Peroza, Eduardo Antunes"]
[Result "0-1"]
[WhiteElo "1412"]
[BlackElo "1563"]
[PlyCount "152"]
[EventDate "2017.06.01"]
[EventType "swiss"]
[EventRounds "6"]
[EventCountry "BRA"]
[SourceTitle "CBM 179 Extra"]
[Source "ChessBase"]
[SourceDate "2017.08.23"]
[SourceVersion "1"]
[SourceVersionDate "2017.08.23"]
[SourceQuality "1"]

1. d4 d5 2. c4 e6 3. Nc3 Nf6 4. Nf3 Nbd7 5. Bg5 a6 6. e3 Be7 7. Bd3 dxc4 8. Bxc4 b5 9. Bd3 c5 10. b3 cxd4 11. Nxd4 Bb7 12. 0-0 0-0 13. a3 Ne5 14. Be2 Ng6 15. Bf3 Bxf3 16. Qxf3 h6 17. Nc6 Qe8 18. Nxe7+ Qxe7 19. Bxf6 gxf6 20. a4 b4 21. Ne4 f5 22. Nd2 Rfd8 23. Qe2 f4 24. Nc4 Qg5 25. exf4 Nxf4 26. Qf3 Kh8 27. Nd6 Kg7 28. Ne4 Qf5 29. Ng3 Nh3+ 30. Kh1 Qxf3 31. gxf3 Rd3 32. Kg2 Ng5 33. f4 Nf3 34. Rfb1 Nd2 35. Rb2 Rc8 36. Nf1 Nxf1 37. Rxf1 Rcc3 38. Rfb1 Kf6 39. Re1 Rxb3 40. Rxb3 Rxb3 41. Re4 Kf5 42. Rc4 a5 43. Rc5+ Kxf4 44. Rxa5 Ra3 45. Ra7 f5 46. a5 b3 47. a6 e5 48. Rb7 Rxa6 49. Rxb3 e4 50. Re3 Rg6+ 51. Kf1 h5 52. Rh3 Rg5 53. Ra3 h4 54. Rh3 Kg4 55. Ra3 Rg6 56. Rb3 Rd6 57. Ke2 Ra6 58. Rb1 Ra2+ 59. Ke3 Ra3+ 60. Ke2 Kh3 61. Rg1 Kxh2 62. Rg5 Rf3 63. Rg8 h3 64. Rg7 Kh1 65. Rg5 h2 66. Rg8 Rf4 67. Kf1 Rg4 68. Rf8 f4 69. f3 Rg1+ 70. Kf2 e3+ 71. Ke2 Rg2+ 72. Kf1 Rf2+ 73. Ke1 Kg1 74. Rg8+ Rg2 75. Rd8 h1Q 76. Rd2 Kh2# 0-1

[Event "Parana-ch"]
[Site "Curitiba"]
[Date "2015.01.28"]
[Round "1"]
[White "Goncalves, Oswaldo Pirola"]
[Black "Nemeth Junior, Henrique"]
[Result "0-1"]
[WhiteElo "1773"]
[BlackElo "1957"]
[PlyCount "84"]
[EventDate "2015.01.28"]
[EventType "swiss"]
[EventRounds "8"]
[EventCountry "BRA"]
[SourceTitle "CBM 164 Extra"]
[Source "ChessBase"]
[SourceDate "2015.03.02"]
[SourceVersion "1"]
[SourceVersionDate "2015.03.02"]
[SourceQuality "1"]

1. d4 d5 2. c4 c6 3. Nf3 Nf6 4. e3 Bf5 5. Nc3 e6 6. h3 Nbd7 7. Be2 Bd6 8. 0-0 0-0 9. a3 Ne4 10. c5 Bc7 11. Bd2 e5 12. b4 Nxc3 13. Bxc3 e4 14. Nd2 Qg5 15. Bg4 h5 16. Bxf5 Qxf5 17. f3 exf3 18. Rxf3 Qg6 19. Qe2 Rae8 20. Re1 Nf6 21. Qf2 Re7 22. Qf1 Rfe8 23. Re2 h4 24. Qb1 Qg5 25. Rf5 Qh6 26. Nf1 Ne4 27. Bd2 Qg6 28. Be1 Qxf5 29. Bxh4 Qh5 30. Qe1 g5 31. Ng3 Qxh4 32. Nf5 Qxe1+ 33. Rxe1 Ng3 34. Nh6+ Kg7 35. Ng4 f5 36. Ne5 Bxe5 37. dxe5 Rxe5 38. Kf2 f4 39. Ra1 Rxe3 40. a4 Rb3 41. Ra2 Ree3 42. b5 Rb1 0-1